| 000 | 00846nam a2200169 a 4500 | ||
|---|---|---|---|
| 008 | 120416s0000 ||||||||||||||||| || u | ||
| 020 | _a8120308980 | ||
| 050 | _aTK 7887.5 Pot | ||
| 100 | _aPotts, Bill | ||
| 245 | 1 | 4 | _aThe simple MODEM book |
| 246 | _ahow to buy, set up, and... | ||
| 260 |
_aNew Delhi _bPrentice-Hall of India _c1997 |
||
| 350 | _a0.00 | ||
| 995 |
_aMAIN LIBRARY OPEN ACCESS _D0.00 _e732564 _FCBU-MAIN LIBRARY (Kitwe) _H1 _I11.95 _jTK 7887.5 Pot _M1 _UAVAILABLE _y029473 _ZMain Library Open Access Collection |
||
| 995 |
_aMAIN LIBRARY OPEN ACCESS _D0.00 _e732563 _FCBU-MAIN LIBRARY (Kitwe) _H3 _I11.95 _jTK 7887.5 Pot _M3 _UAVAILABLE _y029472 _ZMain Library Open Access Collection |
||
| 995 |
_aMAIN LIBRARY OPEN ACCESS _D0.00 _e732562 _FCBU-MAIN LIBRARY (Kitwe) _H2 _I11.95 _jTK 7887.5 Pot _M2 _UAVAILABLE _y029471 _ZMain Library Open Access Collection |
||
| 999 |
_c76508 _d76508 |
||